00291pab a2200121 454500008004000000100002000040245002300060260000900083300001300092362001000105650002000115773003400135180718b2008 xxu||||| |||| 00| 0 eng d aLam, Michael E. aA view from abroad c2008 ap.40-41. a2 Feb aSocial research aEconomic and Political Weekly